Implementación de mejoras en la cadena de valor de la empresa Ramírez Company, a través del programa de proveedores de El Salvador (Registro nro. 21236)

Detalles MARC
000 -CABECERA
Longitud fija campo de control 01106nam a22002297a 4500
003 - IDENTIFICADOR DELl NÚMERO DE CONTROL
Identificador del número de control OSt
005 - FECHA Y HORA DE LA ÚLTIMA TRANSACCIÓN
Fecha y hora de la última transacción 20171101090536.0
008 - CÓDIGOS DE INFORMACIÓN DE LONGITUD FIJA
Códigos de información de longitud fija 150408b xxu||||| |||| 00| 0 eng d
040 ## - FUENTE DE LA CATALOGACIÓN
Centro transcriptor BMC
082 ## - NÚMERO DE LA CLASIFICACIÓN DECIMAL DEWEY
Númeroo de clasificación 670.42
100 1# - PUNTO DE ACCESO PRINCIPAL-NOMBRE DE PERSONA
9 (RLIN) 34753
Nombre de persona Calderón Salazar, Carlos Ernesto
245 10 - MENCIÓN DE TÍTULO
Título Implementación de mejoras en la cadena de valor de la empresa Ramírez Company, a través del programa de proveedores de El Salvador
Resto del título : proyecto
Mención de responsabilidad, etc. Carlos Ernesto Calderón Salazar, José Miguel Escobar Martínez, José Raúl Portillo Artiga
260 ## - PUBLICACIÓN, DISTRIBUCIÓN, ETC. (PIE DE IMPRENTA)
Lugar de publicación, distribución, etc. Santa Ana (El Salvador)
Nombre del editor, distribuidor, etc. Universidad Católica de El Salvador
Fecha de publicación, distribución, etc. 2010
300 ## - DESCRIPCIÓN FÍSICA
Extensión 150 h.
Otras características físicas il. col.
Dimensiones 28 cm
Material anejo + 1 disco compacto
500 ## - NOTA GENERAL
Nota general Precede al tít.: Universidad Católica de El Salvador, Facultad de Ingeniería y Arquitectura
502 ## - NOTA DE TESIS
Nota de tesis Para optar al título de: Ingeniero Industrial
650 24 - PUNTO DE ACCESO ADICIONAL DE MATERIA - TÉRMINO DE MATERIA
9 (RLIN) 19919
Término de materia o nombre geográfico como elemento inicial Ingeniería industrial
700 1# - PUNTO DE ACCESO ADICIONAL - NOMBRE DE PERSONA
9 (RLIN) 34765
Nombre de persona Escobar Martínez, José Miguel
700 1# - PUNTO DE ACCESO ADICIONAL - NOMBRE DE PERSONA
9 (RLIN) 34766
Nombre de persona Portillo Artiga, José Raúl
710 2# - PUNTO DE ACCESO ADICIONAL - NOMBRE DE ENTIDAD
9 (RLIN) 1166
Nombre de entidad o nombre de jurisdicción como elemento inicial Universidad Católica de El Salvador
Unidad subordinada Facultad de Ingeniería y Arquitectura
942 ## - ENTRADA DE ELEMENTOS AGREGADOS (KOHA)
Fuente de clasificaión o esquema Dewey Decimal Classification
Koha [por defecto] tipo de item 4- Trabajo de Graduación
Existencias
Suprimido Perdido Fuente de clasificación o esquema Estropeado Restricciones de uso No para préstamo Código de colección Localización permanente Localización actual Localización en estanter&íacute;as Fecha adquisición Fuente de adquisición Número de inventario Préstamos totales Signatura completa Código de barras Fecha última consulta Fecha del precio de reemplazo Tipo de item de Koha Fecha último préstamo
NULL NULL Dewey Decimal Classification NULL Prestable NULL NULL Biblioteca Miguel de Cervantes - UNICAES Biblioteca Miguel de Cervantes - UNICAES Sala Principal 08/06/2015 Donación - Carlos Ernesto Calderón Salazar, José Miguel Escobar Martínez, José Raúl Portillo Artiga 000656   P-000656 1031667 08/06/2015 08/06/2015 4- Trabajo de Graduación  
NULL NULL Dewey Decimal Classification NULL Prestable NULL NULL Biblioteca Miguel de Cervantes - UNICAES Biblioteca Miguel de Cervantes - UNICAES Sala Principal 01/07/2015 Donación - Carlos Ernesto Calderón Salazar, José Miguel Escobar Martínez, José Raúl Portillo 000926 1 P-000926 1032236 14/03/2019 01/07/2015 4- Trabajo de Graduación 14/03/2019